|
|
|
|
| LEADER |
00000nam0a2200000 4500 |
| 001 |
183986 |
| 005 |
20231101223817.0 |
| 035 |
|
|
|a (RuTPU)RU\TPU\book\199461
|
| 090 |
|
|
|a 183986
|
| 100 |
|
|
|a 20100825d1949 m y0rusy50 ca
|
| 101 |
0 |
|
|a rus
|
| 102 |
|
|
|a RU
|
| 105 |
|
|
|a a j 001zy
|
| 200 |
1 |
|
|a Курс аналитической химии
|e учебное пособие для техникумов
|f В. Н. Алексеев
|
| 205 |
|
|
|a 2-е изд.
|
| 210 |
|
|
|a Москва
|c Госхимиздат
|d 1949
|a Ленинград
|
| 215 |
|
|
|a 356 с.
|c ил.
|
| 320 |
|
|
|a Предм. указ.: с. 368-371.
|
| 606 |
1 |
|
|a Аналитическая химия
|2 stltpush
|3 (RuTPU)RU\TPU\subj\67454
|9 83247
|
| 610 |
1 |
|
|a учебные пособия
|
| 610 |
1 |
|
|a качественный анализ
|
| 610 |
1 |
|
|a катионы
|
| 610 |
1 |
|
|a анионы
|
| 610 |
1 |
|
|a количественный анализ
|
| 610 |
1 |
|
|a весовой анализ
|
| 610 |
1 |
|
|a объемный анализ
|
| 610 |
1 |
|
|a иодометрия
|
| 610 |
1 |
|
|a колориметрия
|
| 675 |
|
|
|a 543(075.32)
|v 3
|
| 700 |
|
1 |
|a Алексеев
|b В. Н.
|
| 801 |
|
1 |
|a RU
|b 63413507
|c 20100825
|
| 801 |
|
2 |
|a RU
|b 63413507
|c 20151012
|g RCR
|
| 942 |
|
|
|c BK
|